000 00581nam a22001937a 4500
005 20251108173200.0
008 250721s2005 xx 000 0 ara d
082 1 4 _a616.9/ حلم
100 1 _aحلمي، علي زكي
245 1 0 _aالحميات الوقاية ... التشخيص ... العلاج /
264 1 _aالقاهرة :
_bدار الهلال،
_c2005.
300 _a143ص.
490 0 _aكتاب الهلال الطبي
_v55
650 1 7 _aالحمى
650 1 7 _aالأمراض المعدية
650 1 7 _aالعلاج
942 _2ddc
_cBK
999 _c97940
_d97940